| 000 | 00763nam a2200265Ia 4500 | ||
|---|---|---|---|
| 003 | OSt | ||
| 005 | 20221005083311.0 | ||
| 006 | a|||||r|||| 00| 0 | ||
| 007 | ta | ||
| 008 | 221004b |||||||| |||| 00| 0 eng d | ||
| 020 | _a8176580074 | ||
| 024 | _a29950 | ||
| 037 | _cTextual | ||
| 040 |
_aCRL _cCRL _beng |
||
| 041 |
_2eng _aeng |
||
| 082 | _aW:5.2'N9, P0 | ||
| 100 |
_aBava Noorjahan Editor _9612470 |
||
| 245 | 0 | _aHuman rights and criminal justice administration in India | |
| 260 |
_aNew Delhi _bUppal Publishing House _c2000 |
||
| 300 |
_a156p. _ccm. |
||
| 650 | _a POLITICAL SCIENCE | ||
| 650 |
_aINDIA - POLITICS AND GOVERNMENT _933658 |
||
| 942 |
_hW:5.2'N9, P0 _cTEXL _2cc |
||
| 999 |
_c990615 _d990615 |
||